000
00273nam a22001217a 4500
020
_a
978-1- 292-72590-1
040
_c
DLC
082
_a
515
_b
HAS
100
_a
Hass
_9
133463
245
_a
Thomas' Calculus - 15th Edition SI Units
250
_a
15
942
_2
ddc
_c
BK
_e
15th
999
_c
616422
_d
616422